Harry Potter Most Mentioned Characters 101-200 - Statistics

General Stats
  • This quiz has been taken 357 times
  • The average score is 78 of 100
Answer Stats
Hint Answer % Correct
24 Tom
86%
23 Padma Patil
85%
56 Yaxley
85%
47 Blaise Zabini
84%
49 Aragog
83%
27 Dedalus Diggle
83%
26 Hannah Abbott
83%
30 Nagini
83%
60 Pigwidgeon
83%
54 Regulus Black
83%
58 Alicia Spinnet
82%
55 Arabella Figg
82%
17 Dennis Creevey
82%
26 Errol
82%
15 Gabrielle Delacour
82%
48 Marietta Edgecombe
82%
35 Amelia Bones
81%
50 Ariana Dumbledore
81%
12 Augusta Longbottom
81%
30 Bane
81%
24 Bloody Baron
81%
14 Helga Hufflepuff
81%
31 Mary Cattermole
81%
20 Pius Thicknesse
81%
23 Ronan
81%
28 Rowena Ravenclaw
81%
16 Alecto Carrow
80%
23 Amycus Carrow
80%
34 Antonin Dolohov
80%
19 Hokey
80%
16 Mafalda Hopkirk
80%
40 Marcus Flint
80%
32 Merope Gaunt
80%
59 Mrs. Norris
80%
36 Norbert
80%
23 Reginald Cattermole
80%
39 Ted Tonks
80%
48 Zacharias Smith
80%
19 Albert Runcorn
79%
13 Avery
79%
27 Fluffy
79%
50 Justin Finch-Fletchley
79%
25 Madam Malkin
79%
26 Michael Corner
79%
17 Millicent Bulstrode
79%
18 Romilda Vane
79%
14 Terry Boot
79%
18 Trevor
79%
25 Augustus Rookwood
78%
16 Demelza Robins
78%
27 Hepzibah Smith
78%
22 Kendra Dumbledore
78%
49 Madam Rosmerta
78%
18 Magorian
78%
16 Piers Polkiss
78%
42 Bertha Jorkins
77%
15 Bogrod
77%
16 Hestia Jones
77%
19 Irma Pince
77%
17 Scabior
77%
27 Walden Macnair
77%
13 Wilkie Twycross
77%
34 Ernie Prang
76%
30 Roger Davies
76%
53 Rolanda Hooch
76%
57 Wilhelmina Grubbly-Plank
76%
27 Albus Severus Potter
75%
48 Cuthbert Binns
75%
23 Dirk Cresswell
75%
19 John Dawlish
75%
51 Mr. Borgin
75%
41 Travers
75%
13 Adrian Pucey
74%
21 Armando Dippet
74%
18 Griselda Marchbanks
74%
14 Marcus Belby
74%
49 Mykew Gregorovitch
74%
31 Nicolas Flamel
74%
23 Sturgis Podmore
74%
18 Tom Riddle Sr
74%
12 Troy
74%
26 Broderick Bode
73%
13 Caractacus Burke
73%
14 James Sirius Potter
73%
13 Karkus
73%
20 Leanne
73%
33 Montague
73%
21 Mrs. Cole
73%
23 Sir Cadogan
73%
22 Warrington
73%
16 Aidan Lynch
72%
13 Hassan Mostafa
72%
16 Moran
72%
13 Jimmy Peakes
71%
56 Muriel Weasley
71%
13 Professor Tofty
71%
15 Walburga Black
71%
20 Mr. Roberts
70%
36 Bartemius Crouch Jr
69%
17 Beedle the Bard
69%
No matching quizzes found
Score Distribution
Percent of People with Each Score
Percentile by Number Answered
Your Score History
You have not taken this quiz